Normování výrobních zásob

Gespeichert in:
Bibliographische Detailangaben
1. Verfasser: Linc, Josef
Format: Buch
Sprache:Tschechisch
Veröffentlicht: Praha Inst. pro výchovu ved. prac. MP ČSR 1990
Ausgabe:1. vyd.
Tags: Tag hinzufügen
Keine Tags, Fügen Sie das erste Tag hinzu!

MARC

LEADER 00000nam a2200000 4500
001 c034409
005 20250530124122.2
041 0 |a cze 
044 |a CZ 
245 1 0 |a Normování výrobních zásob  |c Josef Linc a kol. 
250 |a 1. vyd. 
264 1 |a Praha  |b Inst. pro výchovu ved. prac. MP ČSR  |c 1990 
300 |a 105 s. 
100 1 |a Linc, Josef